Sports Quiz

Random Sports or Auto Racing Quiz
Score 0/33 Timer 20:00
0 Plays Today
Race Network % Correct
Twin 125 QualifiersCBS
100%
Busch ClashCBS
100%
The WinstonABC
100%
Winston OpenABC
100%
Daytona 500CBS
95.5%
GM Goodwrench 500ESPN
95.5%
TranSouth 500ESPN
95.5%
Valleydale Meats 500ESPN
95.5%
First Union 400ESPN
95.5%
Hanes Activewear 500ESPN
95.5%
Winston 500ESPN
95.5%
Budweiser 500ESPN
95.5%
Banquet Frozen Foods 300ESPN
95.5%
Miller Genuine Draft 400 (Michigan)CBS
95.5%
Pepsi 400ESPN
95.5%
AC Spark Plug 500ESPN
95.5%
DieHard 500CBS
95.5%
Race Network % Correct
Budweiser At The GlenESPN
95.5%
Champion Spark Plug 400ESPN
95.5%
Busch 500ESPN
95.5%
Heinz Southern 500ESPN
95.5%
Peak Antifreeze 500ESPN
95.5%
Goody's 500ESPN
95.5%
Tyson Holly Farms 400ESPN
95.5%
AC Delco 500ESPN
95.5%
Checker 500ESPN
95.5%
Atlanta Journal 500ESPN
95.5%
Pontiac Excitement 400TBS
90.9%
Motorcraft 500ABC
90.9%
Coca-Cola 600TBS
90.9%
Miller Genuine Draft 400 (Richmond)TBS
90.9%
Mello Yello 500TBS
90.9%
Miller Genuine Draft 500Showtime
27.3%
Come Together.
Have Fun.
All Virtual.
We all need to come together. Play Sporcle's virtual live trivia to have fun, connect with people, and get your trivia on. Join a live hosted trivia game for your favorite pub trivia experience done virtually. If a virtual private party is more your thing, go here for details.

You're not logged in!

Compare scores with friends on all Sporcle quizzes.
OR
Log In

Sporcle TV

Today on Sporcle TV


Watch our educational content, quiz creation guides, and fun videos on Sporcle TV.

Show Comments

Extras

Top Quizzes Today


Score Distribution

Paid Content

Your Account Isn't Verified!

In order to create a playlist on Sporcle, you need to verify the email address you used during registration. Go to your Sporcle Settings to finish the process.

Report this User

Report this user for behavior that violates our Community Guidelines.

Details: